Cuando el desarrollo social se hace posible en un país pobre: el caso de Costa Rica /

সংরক্ষণ করুন:
গ্রন্থ-পঞ্জীর বিবরন
প্রধান লেখক: Garnier Rímolo, Leonardo
অন্যান্য লেখক: Grynspan Magufis, Rebeca, Hidalgo Araya, Roberto, Monge Guevara, Guillermo, Trejos Solórzano, Juan Diego
বিন্যাস: পাঠ‍্য
বিষয়গুলি:
ট্যাগগুলো: ট্যাগ যুক্ত করুন
কোনো ট্যাগ নেই, প্রথমজন হিসাবে ট্যাগ করুন!

MARC

LEADER 00000 a a2200000 04500
001 5502
003
040
100 |a Garnier Rímolo, Leonardo  
245 |a Cuando el desarrollo social se hace posible en un país pobre:   |b el caso de Costa Rica /  |c Leonardo Garnier Rímolo  
650 |a DESARROLLO SOCIAL  
650 |a POBREZA  
650 |a INDICADORES SOCIALES  
650 |a ECONOMIA  
650 |a NIÑEZ  
650 |a AJUSTE ESTRUCTURAL  
650 |a DESARROLLO SOSTENIBLE  
700 |a Grynspan Magufis, Rebeca  
700 |a Hidalgo Araya, Roberto 
700 |a Monge Guevara, Guillermo 
700 |a Trejos Solórzano, Juan Diego  
773 |g volumen 1, número 5; páginas 49-81  
999 |c 22389  |d 22389